<?xml version="1.0" encoding="UTF-8"?><?xml-stylesheet type="text/xsl" href="static/style.xsl"?><OAI-PMH xmlns="http://www.openarchives.org/OAI/2.0/" xmlns:xsi="http://www.w3.org/2001/XMLSchema-instance" xsi:schemaLocation="http://www.openarchives.org/OAI/2.0/ http://www.openarchives.org/OAI/2.0/OAI-PMH.xsd"><responseDate>2026-04-17T04:02:57Z</responseDate><request verb="GetRecord" identifier="oai:www.recercat.cat:2099.1/11934" metadataPrefix="marc">https://recercat.cat/oai/request</request><GetRecord><record><header><identifier>oai:recercat.cat:2099.1/11934</identifier><datestamp>2025-07-22T18:09:31Z</datestamp><setSpec>com_2072_1033</setSpec><setSpec>col_2072_452951</setSpec></header><metadata><record xmlns="http://www.loc.gov/MARC21/slim" xmlns:dcterms="http://purl.org/dc/terms/" xmlns:xsi="http://www.w3.org/2001/XMLSchema-instance" xmlns:doc="http://www.lyncode.com/xoai" xsi:schemaLocation="http://www.loc.gov/MARC21/slim http://www.loc.gov/standards/marcxml/schema/MARC21slim.xsd">
   <leader>00925njm 22002777a 4500</leader>
   <datafield ind2=" " ind1=" " tag="042">
      <subfield code="a">dc</subfield>
   </datafield>
   <datafield ind2=" " ind1=" " tag="720">
      <subfield code="a">Godoy Castro, Almudena</subfield>
      <subfield code="e">author</subfield>
   </datafield>
   <datafield ind2=" " ind1=" " tag="260">
      <subfield code="c">2011-01-27</subfield>
   </datafield>
   <datafield ind2=" " ind1=" " tag="520">
      <subfield code="a">El projecte consta de dues parts, un projecte tècnic d’infraestructures comunes&#xd;
de telecomunicacions (ICT) i un llibre guia de com elaborar aquest projecte.&#xd;
La primera part, el projecte tècnic d’infraestructures comunes de&#xd;
telecomunicacions, consta d’un projecte regulat pel col·legi oficial d’enginyers&#xd;
de telecomunicacions el qual no conté càlculs, només conté l’ informació&#xd;
necessària per obtenir el visat del col·legi d’enginyers.&#xd;
La segona part, llibre guia “Càlcul d’ICT”,és un llibre on segueix pas a pas i&#xd;
amb un ordre lògic els passos o procediments a seguir per l’elaboració d’una&#xd;
ICT des de les informacions donades pel constructor. Per no crear confusió al&#xd;
llibre hem fet totes les explicacions a partir de la ICT que s’utilitza al projecte&#xd;
tècnic, que aquesta mateixa la podem trobar al laboratori L-106 a la paret&#xd;
d’aquest en una maqueta.&#xd;
Aquest projecte s’ha realitzat per ús docent, ja que com enginyers tenim la&#xd;
base suficient per dur a terme un projecte com aquest però no tenim les&#xd;
nocions pel seu càlcul i disseny. D’aquesta manera seguint els passos del llibre&#xd;
i amb el projecte tècnic de mostra podria, d’una forma senzilla, un enginyer&#xd;
sense cap explicació prèvia crear una ICT.&#xd;
Alhora de fer el projecte també s’ha pensat en utilitzar-lo per xerrades als&#xd;
col·legis de secundaria o per unes jornades de portes obertes a la UPC, per&#xd;
motivar als nens i nenes a encaminar la seva carrera professional a l’enginyeria&#xd;
d’una manera didàctica.</subfield>
   </datafield>
   <datafield tag="653" ind2=" " ind1=" ">
      <subfield code="a">Àrees temàtiques de la UPC::Enginyeria de la telecomunicació::Telemàtica i xarxes d'ordinadors::Serveis telemàtics i de comunicació multimèdia</subfield>
   </datafield>
   <datafield tag="653" ind2=" " ind1=" ">
      <subfield code="a">Telecommunications -- Equipment and supplies</subfield>
   </datafield>
   <datafield tag="653" ind2=" " ind1=" ">
      <subfield code="a">ICT</subfield>
   </datafield>
   <datafield tag="653" ind2=" " ind1=" ">
      <subfield code="a">Canalitzacions</subfield>
   </datafield>
   <datafield tag="653" ind2=" " ind1=" ">
      <subfield code="a">Registres</subfield>
   </datafield>
   <datafield tag="653" ind2=" " ind1=" ">
      <subfield code="a">Xarxa</subfield>
   </datafield>
   <datafield tag="653" ind2=" " ind1=" ">
      <subfield code="a">Atenuació</subfield>
   </datafield>
   <datafield tag="653" ind2=" " ind1=" ">
      <subfield code="a">dB</subfield>
   </datafield>
   <datafield tag="653" ind2=" " ind1=" ">
      <subfield code="a">Senyal</subfield>
   </datafield>
   <datafield tag="653" ind2=" " ind1=" ">
      <subfield code="a">Telecomunicació -- Aparells i accessoris</subfield>
   </datafield>
   <datafield ind2="0" ind1="0" tag="245">
      <subfield code="a">Disseny i realització d’una ICT (Infraestructura Comuna de Telecomunicacions) didàctica</subfield>
   </datafield>
</record></metadata></record></GetRecord></OAI-PMH>